000 00419nam a2200181Ia 4500
001 1381
005 20260306143724.0
008 260306t1966||||xx |||||||||||||| ||spa||
041 _aESP
082 _a196.4
_bO73 T. 7 y 8
100 _aOrtega y Gasset, José
_eAUT
245 0 _aEl espectador
260 _c1966
300 _a226 páginas :
_c18 cm.
650 _aGEN
654 _aCHU
942 _cLIB
_dJUS
_fJUS
_2ddc
_n
999 _c1381
_d1381